Quick Pick: Anime Movies Quiz Stats

Quiz Updated Nov 27, 2017

Challenge
Share
Tweet
Embed
Score 0/12 Timer 01:00
63 Plays Today
% Correct
Girl
80.5%
Second
79.1%
Ghost
78.3%
Letter
74.3%
Children
72%
Castle
69%
Rosso
65.6%
Mind
58.7%
Garden
49.9%
Summer
45.6%
Place
42%
Blue
34.3%

Today's Daily Dose

Missing Word
1971 Movies A-Z

Word Ladder
Complete Tour

Quick Pick
Logo Colors

On This Day
January 19th

You're not logged in!

Compare scores with friends on all Sporcle quizzes.
Sign Up with Email
OR
Log In

You Might Also Like...

Show Comments

Extras

Top Quizzes Today


Score Distribution

Your Account Isn't Verified!

In order to create a playlist on Sporcle, you need to verify the email address you used during registration. Go to your Sporcle Settings to finish the process.